• 首页
  • 本馆介绍
  • 公告通知
  • 最新文献
  • 馆藏检索
  • 电子资源
  • 读者导购
  • 参考咨询
  • 我的图书馆
  • 登录
  • 详细信息显示
  • 放入我的书架
  • 预约/预借图书
  • 作者相关作品
  • 分类相关作品
  • 丛书相关作品
  • 出版社相关作品

书目信息

  • 表格格式
  • 工作单格式
  • 卡片格式
题名:
快速打动投资人
    
 
作者: 杨光瑶 编著
分册:  
出版信息: 北京   中国铁道出版社  2019.03
页数: 242页
开本: 24cm
丛书名:
单 册:
中图分类: F712.1
科图分类:
主题词: 商业计划--shang ye ji hua--文书--写作
电子资源:
ISBN: 978-7-113-25136-9
000 01165nam0 2200253 450
001 CAL 0120192672552
005 20230302195721.46
010    @a978-7-113-25136-9@dCNY49.00
100    @a20190124d2019 em y0chiy0120 ea
101 0  @achi
102    @aCN@b110000
105    @aak z 000yy
106    @ar
200 1  @a快速打动投资人@Akuai su da dong tou zi ren@e优质商业计划书精彩集锦@f杨光瑶编著
205    @a第2版
210    @a北京@c中国铁道出版社@d2019.03
215    @a242页@c图@d24cm
330    @a本书共包括8章, 其中第1章是商业计划书写作要点和注意事项的提示, 通过本章的学习可以避免在后期的写作中犯同样的错误。第2-8章是本书的案例分析的内容, 通过分析食品、网络、能源、环保、酒类、车辆等行业商业计划书来讲解商业计划书的写作要点, 更加直观地理解商业计划书的写作要求。通过案例和原理知识结合讲述的方式不仅能让读者了解到商业计划书写作的核心要点, 还能帮助读者更快地掌握如何制作商业计划书。
517 1  @a优质商业计划书精彩集锦@Ayou zhi shang ye ji hua shu jing cai ji jin
606 0  @a商业计划@Ashang ye ji hua@x文书@x写作
690    @aF712.1@v5
701  0 @a杨光瑶@Ayang guang yao@4编著
801  0 @aCN@bBJXHZP@c20230228
905    @b1381367-70@dF712.1@e1313=2@f4
    
    快速打动投资人:优质商业计划书精彩集锦/杨光瑶编著.-第2版.-北京:中国铁道出版社,2019.03
    242页:图;24cm
    
    
    ISBN 978-7-113-25136-9:CNY49.00
    本书共包括8章, 其中第1章是商业计划书写作要点和注意事项的提示, 通过本章的学习可以避免在后期的写作中犯同样的错误。第2-8章是本书的案例分析的内容, 通过分析食品、网络、能源、环保、酒类、车辆等行业商业计划书来讲解商业计划书的写作要点, 更加直观地理解商业计划书的写作要求。通过案例和原理知识结合讲述的方式不仅能让读者了解到商业计划书写作的核心要点, 还能帮助读者更快地掌握如何制作商业计划书。
●
相关链接 在E读中查询图书 在五车中查询图书 在当当中查询图书 在豆瓣中查询图书


正题名:快速打动投资人     索取号:F712.1/1313=2         预约/预借

序号 登录号 条形码 馆藏地/架位号 状态 备注
1 1381367   213813676   第一样本阅览室/ [索取号:F712.1/1313=2] 在馆    
2 1381368   213813685   第一借阅区/ [索取号:F712.1/1313=2] 在馆    
3 1381369   213813694   第一借阅区/ [索取号:F712.1/1313=2] 在馆    
4 1381370   213813701   第一借阅区/ [索取号:F712.1/1313=2] 在馆    
唐山师范学院图书馆 欢迎您!
大连网信软件有限公司© 版权所有